| 000 | 00422nam a2200133Ia 4500 | ||
|---|---|---|---|
| 008 | 220216s9999 xx 000 0 und d | ||
| 100 | _aMohankumar S. | ||
| 245 | 0 | _aDirectory of rubber products exporters in India | |
| 260 |
_bDepartment of Training and Technical Consultancy, Rubber Board, Kottayam, India, 123 p. _c2003 |
||
| 650 | _aExporter | ||
| 650 | _aRubber product industry | ||
| 700 | _aBabu K.S. | ||
| 942 | _cBS | ||
| 999 |
_c52696 _d52696 |
||